Landkreise an der deutschen Grenze - Statistiken

Allgemein
  • Dieses Quiz wurde 77 mal gespielt
  • Das Durchschnittsergebnis liegt bei 45 aus 62
Antwortstatistiken
Bundesland Nachbarstaat(en) Landkreis % Korrekt
Schleswig-Holstein Dänemark Schleswig-Flensburg
94%
Sachsen Polen | Tschechien Görlitz
91%
Bayern Österreich Passau
87%
Bayern Österreich Passau
87%
Nordrhein-Westfalen Belgien | Niederlande Städteregion Aachen
87%
Bayern Österreich Garmisch-Partenkirchen
86%
Saarland Frankreich Regionalverband Saarbrücken
86%
Baden-Württemberg Schweiz Konstanz
81%
Schleswig-Holstein Dänemark Nordfriesland
81%
Bayern Österreich Berchtesgadener Land
80%
Bayern Österreich Oberallgäu
80%
Mecklenburg-Vorpommern Polen Vorpommern-Greifswald
80%
Niedersachsen Niederlande Emsland
78%
Sachsen Tschechien Erzgebirge
78%
Brandenburg Polen Frankfurt (Oder)
78%
Bayern Tschechien Hof
78%
Bayern Österreich Lindau (Bodensee)
77%
Bayern Österreich Ostallgäu
77%
Bayern Österreich Rosenheim
77%
Sachsen Tschechien Sächsische Schweiz-Osterzgebirge
77%
Rheinland-Pfalz Luxemburg Trier-Saarburg
77%
Niedersachsen Niederlande Grafschaft Bentheim
75%
Niedersachsen Niederlande Leer
75%
Sachsen Tschechien Vogtland
75%
Bayern Österreich Bad Tölz-Wolfratshausen
74%
Baden-Württemberg Schweiz | Frankreich Lörrach
74%
Bayern Tschechien Regen
74%
Bayern Tschechien Tirschenreuth
74%
Sachsen Tschechien Bautzen
72%
Bayern Tschechien Cham
72%
Nordrhein-Westfalen Niederlande Heinsberg
72%
Nordrhein-Westfalen Niederlande Kleve
72%
Bayern Österreich Miesbach
72%
Brandenburg Polen Uckermark
72%
Baden-Württemberg Schweiz Waldshut
72%
Bayern Österreich Altötting
71%
Bayern Tschechien | Österreich Freyung-Grafenau
71%
Saarland Frankreich Saarlouis
71%
Bayern Österreich Traunstein
71%
Saarland Frankreich | Luxemburg Merzig-Wadern
70%
Sachsen Tschechien Mittelsachsen
70%
Rheinland-Pfalz Luxemburg | Belgien Bitburg-Prüm
68%
Brandenburg Polen Oder-Spree
68%
Nordrhein-Westfalen Niederlande Viersen
68%
Bayern Tschechien Wunsiedel im Fichtelgebirge
68%
Baden-Württemberg Frankreich Emmendingen
67%
Baden-Württemberg Frankreich Ortenau
67%
Bayern Tschechien Schwandorf
67%
Nordrhein-Westfalen Niederlande Borken
65%
Nordrhein-Westfalen Belgien Euskirchen
65%
Baden-Württemberg Frankreich Rastatt
65%
Saarland Frankreich Saarpfalz
65%
Brandenburg Polen Spree-Neiße
65%
Baden-Württemberg Frankreich Breisgau-Hochschwarzwald
64%
Bayern Österreich Rottal-Inn
61%
Rheinland-Pfalz Frankreich Südliche Weinstraße
61%
Brandenburg Polen Barnim
59%
Brandenburg Polen Märkisch-Oderland
59%
Bayern Tschechien Neustadt an der Waldnaab
58%
Rheinland-Pfalz Frankreich Südwestpfalz
58%
Rheinland-Pfalz Frankreich Germersheim
52%
Baden-Württemberg Schweiz Schwarzwald-Baar
52%
Keine übereinstimmenden Quizze gefunden
Verteilung der Resultate
Anzahl Personen mit jedem Resultat
Perzentil nach korrekt beantworteten Fragen
Ihre Resultats-Entwicklung
Sie haben dieses Quiz noch nicht gespielt